| 000 | 00892nam a2200241 a 4500 | ||
|---|---|---|---|
| 001 | 000024248 | ||
| 005 | 20200930022838.0 | ||
| 008 | 110125s1974 sp 000 0 spa d | ||
| 020 | _a8473390415 | ||
| 040 |
_aDO-SdBNP _bspa _cBNPHU |
||
| 082 |
_ann* _bnn* |
||
| 100 | 1 |
_aHockett, Charles F. _949782 |
|
| 245 | 1 | 3 |
_aEl estado actual de la lingüística / _cCharles F. Hockett ; traducción de Juan D. Luque Durán y Roberto Mayoral Asensio ; revisión y notas de Juan D. Luque Durán. |
| 260 |
_aMadrid : _bAkal, _c1974. |
||
| 300 |
_a139 p. ; _c22 cm. |
||
| 490 | 1 | _aManifiesto. Lingüística | |
| 504 | _aBibliografía : 133-137 p. | ||
| 500 | _aIncluye referencias bibliográficas y notas al pie de las páginas. | ||
| 700 |
_aLuque Durán, Juan D., _etr. _949783 |
||
| 700 | 1 |
_aMayoral Asensio, Roberto, _etr. _949784 |
|
| 830 | 0 |
_aManifiesto. _pLingüística _949785 |
|
| 049 | _aBNGR | ||
| 999 |
_c23742 _d23742 |
||